000 00630nam a2200181Ia 4500
008 090124s9999 xx 000 0 und d
082 _b118021
100 _aअष्टीकर मंदाकिनी
245 _a तुटला धागा - गळले मोती !
250 _a1
260 _c1979
300 _a219
600 _aअष्टीकर मंदाकिनी
630 _a तुटला धागा - गळले मोती !
700 _aअष्टीकर मंदाकिनी
730 _a तुटला धागा - गळले मोती !
942 _cBOOK
999 _c164108
_d164108